02159nam a2200241 i 4500003000900000005001700009007000300026008004100029020001800070040003000088041000800118082001900126100005600145245013600201250002300337264007400360300005700434336002700491337003400518338002800552505130400580700003301884DO-SdBNP20250521104551.0ta250520b2010 dr ac||| |||| 00| 0 spa d a9789945003925 aDO-SdBNPbspacBNPHUerda aspa 4axxxbM538s222 aMéndez Capellán, Víctor,d1927- eautor4aut.13aSi yo pude, ¡tu también! :bconsejos para una vida exitosa /cVíctor Méndez Capellán ; cuidado de edición, Freddy Ortiz. aPrimera edición  4aSanto Domingo, República Dominicana : bEditora Corripio, c©2010. a142 páginas : bilustraciones, retratos ; c23 cm. atextobtxt2rdacontent asin mediación bn2rdamedia avolumenbnc2rdacarrier aEl objetivo de este libro 7 -- Certifico y doy fe 11 -- Amanece 19 -- En busca de mi primera empresa 27 -- Venta de frío-frío 31 -- La señorita Gómez y las biografías 33 -- De lustrador a zapatero remendón 37 -- ¡Quiero ser guardia! 41 -- ¡Y soldado fui ! 45 -- Más bien...¡siempre he sido guardia ! 49 -- Trujillo, otra vez 51 -- De la guardia a billetero 55 -- Dos mujeres en mi vida 59 -- Más que empleados, socios 63 -- Diversificación y autofinanciamiento 67 -- “Agencia de viajes nacionales e internacionales Víctor Méndez Capellán” 71 -- El Golf, cuando aquello era privilegio 75 -- Pan American y American Express 79 -- Hacia la “geffrard” 83 -- Refrigeración Dominicana 87 -- Finetta, o el éxito de la persistencia 91 -- Finetta y el mito de la esposa en los negocios 97 -- Jarabacoa 101 -- Casas económicas para los pobres 105 -- Alimentos Vimenca y la muerte de mi primer hijo 107 -- La necesidad creó a Remesas Vimenca Luego llegó Western Union 115 -- Los Call Centers. Nace “Data Vimenca ”119 -- El Banco Vimenca 121 -- Cómo hacer amigos. El ejemplo Charles T. Fote 123 -- La devoción por la oración y la fuerza de la fe 129 -- La apariencia física 133 -- La familia y la inversión en educación 135 -- 82 años después 1391 a Ortiz, Freddy eeditor4ed.